| 000 | 00985 a2200217 4500 | ||
|---|---|---|---|
| 001 | 33573 | ||
| 005 | 20260407155627.0 | ||
| 008 | 260407a1978 arg spa d | ||
| 003 | AR-UNSa-BCEJYS | ||
| 040 |
_aAR-UNSa-BCEJYS _bspa _cAR-UNSa-BCEJYS |
||
| 080 |
_a658.310.8 _xGestión y administración de personal |
||
| 245 | 1 | 0 | _aEmpleo y desarrollo de personal |
| 250 | _a3a. ed. | ||
| 264 | 1 |
_aBuenos Aires : _bLayetana Ediciones _c1978 |
|
| 300 |
_a277 p. _c22 cm. |
||
| 505 | _aParte I. Empleos: 1. Introducción - 2. Iniciación del proceso - 3. Medios de contacto - 4. Medios de selección - 5. Errores, elección e ingreso - 6. "Empleos" em la empresa -- Parte II. Evaluación de desempeño: 1. Introducción - 2. Instrumentación del sistema -- Parte III. Planeamiento de carrera: 1. Introducción - 2. Técnicas del planeamiento - 3. Dinámica del planeamiento | ||
| 041 | _aspa | ||
| 942 | _cBK | ||
| 590 | _aniveau_biblio:m niveau_hierar:0 | ||
| 100 | 1 | _aMaristany, Jaime | |
| 999 |
_c2369 _d2369 |
||